Quiz ogólnej wiedzy - Statystyki

Ogólne statystyki
  • Ten quiz został rozwiązany 439 razy
  • Średni wynik to 10 z 15
Statystyki odpowiedzi
Zagadnienie Odpowiedź % Poprawnych
W którym roku była Iwś 1914
100%
Największy kontynent to (teraz) Azja
100%
Jaki kraj nie sąsiaduje z Polską Słowenia
100%
Stolicą państw Europy nie jest Tokio
100%
Najmniejsze Państwo to Watykan
100%
Jak ma na imię Boniek Zbigniew
100%
Co znaczy skrót ZSRR Związek Socjalistycznych Republik Radzieckich
100%
Kiedy była IIwś 1945
67%
Stolicą Europy jest Bruksela
67%
Największym kontynentem w historii jest Eurazja
67%
Krajem bałkańskim nie jest Niemcy
67%
Co jest słowem polskim ambaje
33%
Co nie było stolicą polski? Gniazdo
33%
Największe państwo to Chiny
0%
Kto napisał Latarnika H.Sienkiewicz
0%
Nie znaleziono quizów pasujących do podanych kryteriów
Rozkład punktacji
Procent ludzi z każdym wynikiem
Percentyl według liczby udzielonych odpowiedzi
Twoja historia wyników
Nie rozwiązałeś tego quizu